Hart's Introduction to the Law of Local Government and Administration / (Record no. 206)

MARC details
000 -LEADER
fixed length control field 00882cam a2200253 4500
003 - CONTROL NUMBER IDENTIFIER
control field OSt
005 - DATE AND TIME OF LATEST TRANSACTION
control field 20171028161535.0
008 - FIXED-LENGTH DATA ELEMENTS--GENERAL INFORMATION
fixed length control field 731001s1973 enk b 001 0 eng
020 ## - INTERNATIONAL STANDARD BOOK NUMBER
International Standard Book Number 0406594031
020 ## - INTERNATIONAL STANDARD BOOK NUMBER
International Standard Book Number 040659404X (pbk.)
040 ## - CATALOGING SOURCE
Original cataloging agency DLC
Transcribing agency DLC
Modifying agency DLC
082 00 - DEWEY DECIMAL CLASSIFICATION NUMBER
Classification number 342.09
Edition number 22
Item number HAR
100 1# - MAIN ENTRY--PERSONAL NAME
Personal name Hart, William O.
Titles and other words associated with a name Sir,
Dates associated with a name 1866-1942.
9 (RLIN) 603
245 10 - TITLE STATEMENT
Title Hart's Introduction to the Law of Local Government and Administration /
Statement of responsibility, etc William O. Hart and J. F. Garner.
250 ## - EDITION STATEMENT
Edition statement 9th ed.
260 ## - PUBLICATION, DISTRIBUTION, ETC. (IMPRINT)
Place of publication, distribution, etc London :
Name of publisher, distributor, etc Butterworths,
Date of publication, distribution, etc 1973.
300 ## - PHYSICAL DESCRIPTION
Extent lxxi, 772, 67 p.
Dimensions 23 cm.
350 ## - PRICE (NR) (BK AM CF MU VM SE) [OBSOLETE]
Price £6.80
504 ## - BIBLIOGRAPHY, ETC. NOTE
Bibliography, etc Includes bibliographical references.
650 #0 - SUBJECT ADDED ENTRY--TOPICAL TERM
Topical term or geographic name as entry element Local government
General subdivision Law and legislation
Geographic subdivision Great Britain.
9 (RLIN) 604
700 1# - ADDED ENTRY--PERSONAL NAME
Personal name Garner, J. F.
Fuller form of name (John Francis),
Dates associated with a name 1914-
Relator term ed.
9 (RLIN) 606
740 0# - ADDED ENTRY--UNCONTROLLED RELATED/ANALYTICAL TITLE
Uncontrolled related/analytical title Introduction to the law of local government and administration.
942 ## - ADDED ENTRY ELEMENTS (KOHA)
Source of classification or shelving scheme Dewey Decimal Classification
Koha item type Books
Holdings
Withdrawn status Lost status Source of classification or shelving scheme Damaged status Not for loan Home library Current library Shelving location Date acquired Total Checkouts Full call number Barcode Date last seen Price effective from Koha item type
    Dewey Decimal Classification     Law Development Centre Main Library Law Development Centre Main Library Text Books and Laws 04/09/2011   342.09 HAR 001/1973 04/09/2011 04/09/2011 Books
          Law Development Centre Main Library Law Development Centre Main Library Text Books and Laws 10/28/2017   342.09 HAR 2011/4800 10/28/2017 10/28/2017 Books